| 000 | 01061nam a2200229Ii 4500 | ||
|---|---|---|---|
| 003 | JO-AjNU | ||
| 008 | 230605s9999||||xx |||||||||||||| ||und|| | ||
| 017 | _a2002/5/1177 | ||
| 040 |
_aJO-AjNU _bara _erda _cJO-AjNU |
||
| 041 | _aara | ||
| 050 | 1 | 4 | _aTH420.J67.2002 |
| 100 | 3 |
_aإعداد وليد الريماوي، خضر عكاوي؛ مراجعة الياس عطاالله ، هلال عرفات, _eauthor _951620 |
|
| 245 | 0 | 0 | _aمجلس البناء الوطني الأردني، وزارة الأشغال العامة والإسكان: كودة الإنشاءات الفولاذية |
| 250 | _aط2 | ||
| 264 | 3 | 1 | _aعمان: الجمعية العلمية الملكية،مجلس البناء الوطني الأردني، 2002 |
| 300 | _a213ص | ||
| 336 |
_atext _btxt _2rdacontent |
||
| 337 |
_aunmediated _bn _2rdamedia |
||
| 338 |
_avolume _bnc _2rdacarrier |
||
| 490 | 0 | _aكودات البناء الوطني الأردني | |
| 650 | 4 |
_aالمباني -- مواصفات معيارية -- الأردن -- البناء -- الأردن _951621 |
|
| 999 |
_aA22816 _c26384 _d26384 |
||